000 01237nam a22003011i 4500
003 SA-RiAUC
005 20260204135015.0
008 260201s2002 sy g 000 0dara c
020 _a1592390897
040 _aSA-JeALM
_bara
_cSA-RiAUC
_erda
082 0 4 _a953
090 _a953
_bا ب و خ
100 1 _aأبو خليل، شوقي،
_d1941-2010
_eمؤلف.
245 1 0 _aمحطات حضارية من كتاب فتوح البلدان للبلاذري /
_cشوقي أبو خليل.
250 _aالطبعة الثانية.
264 1 _aدمشق :
_bدار الفكر،
_c2002
300 _a296 صفحة
_c24 سم.
336 _aنص
_btxt
_2rdacontent
_3كتاب
337 _aبدون وسيط
_bn
_2rdamedia
600 1 7 _aالبلاذري، أحمد بن يحيى بن جابر،
_dتوفي 279 هجري
_2aucnm
650 7 _aالحضارة الإسلامية
_2aucsh
650 7 _aالفتوحات الإسلامية
_2aucsh
651 7 _aالبلاد الإسلامية
_xتاريخ
_2aucsh
700 1 2 _aالبلاذري، أحمد بن يحيى بن جابر،
_dتوفي 279 هجري
_tفتوح البلدان.
740 0 2 _aفتوح البلدان.
942 _2ddc
_cBOOK
_n0
949 _aSA-JeALM
_d260201
_uosman123
_n1
999 _c14234
_d14234